Miscellaneous Greek Gods - Statistics

General Stats
  • This quiz has been taken 8 times
  • The average score is 5 of 22
Answer Stats
God of... God % Correct
Violent War Ares
88%
The Dead Hades
75%
Madness/Wine/Parties Dionysus
63%
Desire Eros
63%
Thunder and Lightning Zeus
63%
North Wind Boreas
25%
East Wind Eurus
25%
South Wind Notus
25%
West Wind Zephyrus
25%
Music/healing/archery Apollo
13%
Sleep Hypnos
13%
Fear Phobos
13%
Vengeance/Family Feuds Alastor
0%
Requited Love Anteros
0%
Medicine Asclepius
0%
Terror Deimos
0%
Dolphins Delphin
0%
Darkness Erebus
0%
Old Age Geras
0%
Satire Momus
0%
Wealth Plutus
0%
Gardens Priapus
0%
No matching quizzes found
Score Distribution
Percent of People with Each Score
Percentile by Number Answered
Your Score History
You have not taken this quiz